000 00854nam a2200253 a 4500
001 000020851
005 20230417152700.0
008 100818s1977 mx 000 d spa d
040 _aDO-SdBNP
_bspa
_cBNPHU
082 _a822.33
_bS527tra, 1977
100 1 _aShakespeare, William,
_d1564-1616
_96748
245 1 0 _aTragedias :
_bRomeo y Julieta, Hamlet, Otelo, rey lear /
_cShakespeare ; estudio preliminar por Antonio Pagés Larraya ; traducciones de Jaime Clark y Jacinto Bernavente.
250 _a10a ed.
260 _aMéxico :
_bCumbre,
_c1977.
300 _aLvii, 453 p. ;
_c21 cm.
490 1 _aLos clásicos
650 0 _aTeatro inglés
_96749
650 4 _aLiteratura inglesa
_9498
700 1 _aClark, Jaime,
_etr.
_943712
700 1 _aBernavente, Jacinto,
_etr.
_943713
830 0 _aLos clásicos
_943697
910 _aWM
049 _aBNGR
999 _c20354
_d20354